Identify 10 Films from 2022 - Statistics

General Stats
  • This quiz has been taken 13 times
  • The average score is 6 of 10
Answer Stats
Description Film % Correct
Bruce Wayne dons a mask to find a sadistic killer The Batman
100%
A swashbuckling cat tries t9 avoid losing his ninth life Puss in Boots: The Final Wish
69%
A Norse god recruits friends to stop Gorr the God Butcher Thor: Love and Thunder
69%
Veteran Pete Mitchell must train a new generation of pilots Top Gun: Maverick
69%
An African state loses its king and faces a battle for Vibranium Black Panther: Wakanda Forever
54%
The Sorceror Supreme travels through multiple realities Doctor Strange in the Multiverse of Madness
54%
A Na’vi family, under threat, seek refuge with the Metkayina clan Avatar: The Way of Water
46%
A biopic told from the point of view of Colonel Tom Parker Elvis
46%
Humans must face a world now populated with dinosaurs Jurassic World Dominion
31%
An11-year-old would-be supervillain takes on the Vicious 6 Minions: The Rise of Gru
31%
No matching quizzes found
Score Distribution
Percent of People with Each Score
Percentile by Number Answered
Your Score History
You have not taken this quiz